Hello! Project members by trivia - Statistiques

Statistiques générales
  • Ce quiz a été pris 10 fois
  • Le résultat moyen est 8 sur 18
Statistiques - réponses
Trivia Name % Correct
She is the group leader with the longest tenure ever. Fukumura Mizuki
80%
She thinks she is cuter in her 30s than when she was an idol. Michishige Sayumi
80%
She got backlash for saying that her idol career was a stepping stone. Kusumi Koharu
70%
She joined another group two days after her group disbanded. Inoue Rei
60%
Her father is a famous golf player. Suzuki Airi
60%
She was only 6 when she auditioned. Hagiwara Mai
50%
She was the first H!P soloist. Heike Michiyo
50%
She loves Hokkaido Nippon Ham Fighters more than anyone else. Makino Maria
50%
She went viral for dancing at a booth. Murota Mizuki
50%
She is an earthquake and tsunami survivor. Sasaki Rikako
40%
Her YouTube channel has over 1,5M subscribers. Tsuji Nozomi
40%
She can use a talkbox with a keyboard. Kiyono Momohime
30%
Her alter-ego name is more famous than her real name. Tsugunaga Momoko
30%
Her dating scandal was justified by "she was just playing Play Station". Abe Natsumi
20%
She is the youngest graduate in H!P's history. Ishimura Maiha
20%
She is half Bielorussian. Matsubara Yulia
20%
She is now a music teacher in the US. Danielle Delaunay
10%
She is the only Korean H!P member ever. Jang Dayeon
10%
Aucun quiz correspondant
Distribution des résultats
% des personnes avec chaque résultat
Percentile par nombre de réponses
Votre historique - résultats
Vous n’avez pas pris ce quiz